000 01707nam0a2200361 4500
001 RU\NLR\BIBL_A\012647283
005 20250624101943.0
010 _a978-5-6045062-0-2
_9250
021 _aRU
_b2021-38692
_9КН-П-3021
035 _a(NLR Aleph) 012647283
090 _a12715015
_c12715015
100 _a20211122d2020 |||y0rusy50 ca
101 0 _aeng
102 _aRU
105 _aac z 101zy
181 0 _ai
_baxxe
182 0 _an
200 1 _aProceedings of the All-Russian conference "Ground-based astronomy in Russia. 21st. century", Nizhny Arkhyz, Russia, September 21-25, 2020
_f[edited by] I. I. Romanyuk [et al.]
203 _aТекст
_bвизуальный
_cнепосредственный
210 _aNizhny Arkhyz
_cSpecial astrophysical observatory RAS
_d2020
215 _a[12], XXXII, 480 c., [8] л. цв. ил., портр.
_cил.
_d25
320 _aБиблиогр. в конце докл.
320 _aУказ. в конце кн.
541 1 _aМатериалы Всероссийской конференции "Наземная астрономия в России. 21 век", Нижний Архыз, Россия, 21-25 сентября 2020 г.
606 1 _aАстрономия
_jСъезды, совещания и т.п
_9948735
_3RU\NLR\AUTH\6633617
686 1 _aВ6я431(2)
702 1 _aRomanjuk
_bI. I.
_gIosif Ivanovič
_4340
710 1 2 _7ba
_8eng
_a"Ground-based astronomy in Russia. 21st. century", All-Russian conference
_eNizhny Arkhyz, Karachay-Cherkess Republic
_f2020
_9781638
_3RU\NLR\AUTH\880557276
942 _cBOOK
980 _aNB